Générique des Winx (saison 5) - Statistiques

Statistiques générales
  • Ce quiz a été pris 154 fois
  • Le résultat moyen est 67 sur 91
Statistiques - réponses
Réponse % Correct
91 Winx
91%
69 Winx
91%
4 Winx
91%
3 les
86%
68 les
86%
90 les
86%
1 Nous
84%
12 nous
84%
66 Nous
84%
76 Nous
84%
85 nous
84%
88 Nous
84%
5 Et
83%
32 Et
83%
70 Et
83%
2 sommes
83%
13 sommes
83%
67 sommes
83%
77 sommes
83%
86 sommes
83%
89 sommes
83%
17 de
82%
43 de
82%
18 la
82%
15 On
82%
40 On
82%
79 On
82%
8 pouvoirs
80%
73 pouvoirs
80%
57 magie
79%
7 nos
79%
33 nos
79%
72 nos
79%
6 tous
79%
71 tous
79%
9 vous
79%
74 vous
79%
34 ailes
74%
36 au
74%
59 au
74%
35 brillent
74%
21 ciel
74%
10 éclairent
74%
75 éclairent
74%
14 magique
74%
19 Terre
74%
45 en
73%
55 en
73%
64 pour
73%
48 Tout
73%
58 Tout
73%
11 Car
72%
51 Car
72%
84 Car
72%
61 des
72%
25 est
72%
29 est
72%
49 est
72%
24 Tel
72%
26 notre
72%
30 notre
72%
56 notre
72%
37 soleil
72%
28 Tel
72%
47 haut
71%
20 jusqu'au
71%
42 toujours
71%
65 toujours
71%
52 Tu
71%
44 plus
70%
46 plus
70%
53 as
68%
54 cru
68%
60 long
66%
83 fantastique
64%
62 jours
64%
63 Amies
63%
82 c'est
63%
27 lot
63%
31 lot
63%
78 fortes
60%
22 ah
59%
23 ah
59%
87 magiques
59%
50 possible
58%
41 scintille
58%
16 s'élèvent
56%
80 t'emporte
54%
38 hein
40%
39 hein
40%
81 Viens
40%
Aucun quiz correspondant
Distribution des résultats
% des personnes avec chaque résultat
Percentile par nombre de réponses
Votre historique - résultats
Vous n’avez pas pris ce quiz